| 000 | 00439nam a22001697a 4500 | ||
|---|---|---|---|
| 003 | NUST - PNEC | ||
| 005 | 20170116181155.0 | ||
| 008 | 160111b xxu||||| |||| 00| 0 eng d | ||
| 020 | _a- | ||
| 040 | _cLIBRARY | ||
| 082 | _a954.8 ALM | ||
| 100 |
_915836 _aAlmas |
||
| 245 |
_aSultan Salahuddin Ayubi _cAlmas |
||
| 260 |
_aLahore _bMaktaba Al Quresh; |
||
| 650 |
_915837 _aHistory of Sultan Salahuddin Ayubi _xGeneral |
||
| 942 |
_2ddc _cBK |
||
| 999 |
_c71162 _d71162 |
||